000 00333 a2200157 4500
001 48163
020 _a9788564823525
040 _cAnchieta - Aquarius
100 _aRoba, Verron
240 1 0 _aBoule e Bill
_lpor
245 1 0 _aBoule e Bill
300 _a46
362 0 _a2013
650 4 _aLiteratura infanto-juvenil
942 _cBK
999 _c48163
_d48163